000 00669nam a2200157 i 4500
001 40647
003 ES-MaACL
007 t|
008 030306s1894 sp ||||1| spa d
245 0 3 _aLa carrera mercantil
_b: recopilación de las leyes, decretos... que se han promulgado referentes a las escuelas de Comercio : contiene una reseña histórica de la enseñanza mercantil /
_cpor Enrique Lucini y Callejo con un prólogo de José Fiter e Inglés.
260 _aMadrid :
_b[s.n.,
_c1894] (
_fRicardo Alvarez)
300 _aVII, 260 p. ;
_c22 cm.
700 1 _aLucini Gallego, Enrique.
_974589
700 1 _aFiter e Inglés, José.
_951060
852 _aES-MaACL
_jG-14135
999 _c40647
_d40647